[Event "Africa-ch U18"]
[Site "Cairo"]
[Date "2017.12.09"]
[Round "9.1"]
[White "Cabingano, Josemar"]
[Black "Fawzy, Adham"]
[Result "0-1"]
[WhiteElo "1959"]
[BlackElo "2434"]
[PlyCount "110"]
[EventDate "2017.12.03"]
[EventType "swiss"]
[EventRounds "9"]
[EventCountry "EGY"]
[SourceTitle "EXT 2024"]
[Source "ChessBase"]
[SourceDate "2023.10.10"]
[SourceVersion "1"]
[SourceVersionDate "2023.10.10"]
[SourceQuality "1"]

1. Nf3 c5 2. c4 Nf6 3. g3 b6 4. Bg2 Bb7 5. Nc3 e6 6. 0-0 Be7 7. d3 d5 8. cxd5 Nxd5 9. Nxd5 Bxd5 10. b3 0-0 11. Bb2 a5 12. Ne5 Bf6 13. Nc4 Bxg2 14. Bxf6 Qxf6 15. Kxg2 b5 16. Nd6 Qe7 17. Ne4 a4 18. bxa4 Rxa4 19. Qb3 f5 20. Nd2 Rb4 21. Qc3 Nd7 22. Rfb1 Rxb1 23. Rxb1 b4 24. Qb3 Nf6 25. a3 Nd5 26. axb4 cxb4 27. e4 fxe4 28. dxe4 Qc5 29. Nf3 Nf6 30. Qxe6+ Kh8 31. Qf5 Qc3 32. e5 Nd7 33. Qe4 Nc5 34. Qe3 Qxe3 35. fxe3 b3 36. Nd4 Rb8 37. Rb2 Kg8 38. Kf3 Ra8 39. Rb1 Rb8 40. Rb2 Kf7 41. e6+ Nxe6 42. Ke4 Nxd4 43. exd4 Ke6 44. d5+ Kd6 45. Kd4 Rb5 46. Kc4 Rc5+ 47. Kxb3 Rb5+ 48. Kc2 Rxb2+ 49. Kxb2 Kxd5 50. Kc3 Ke4 51. Kd2 Kf3 52. Kd3 Kg2 53. Ke3 Kxh2 54. Kf4 Kh3 55. Kf3 g5 0-1